El párvulo, el sonido y la música
Збережено в:
| Автор: | |
|---|---|
| Формат: | Книга |
| Мова: | Іспанська |
| Опубліковано: |
La Serena
Universidad de La Serena
2010
|
| Редагування: | 1a. ed |
| Предмети: | |
| Теги: |
Додати тег
Немає тегів, Будьте першим, хто поставить тег для цього запису!
|
MARC
| LEADER | 00000cam a2200000 a 4500 | ||
|---|---|---|---|
| 001 | UCF0199 | ||
| 003 | CL-VaPUC | ||
| 005 | 20231020092545.0 | ||
| 008 | 120503e20100100CL |||||||||||||||||spa|d | ||
| 999 | |c 347671 |d 347669 | ||
| 020 | |a 9789567393459 | ||
| 040 | |c Pontificia Universidad Católica de Valparaíso | ||
| 082 | 0 | 4 | |a 372.87 CON 2010 |2 21 |
| 100 | 0 | |a Concha Molinari, Olivia |e author |9 562074 | |
| 245 | 1 | 3 | |a El párvulo, el sonido y la música |
| 250 | |a 1a. ed | ||
| 260 | |a La Serena |b Universidad de La Serena |c 2010 | ||
| 300 | |a 197 p | ||
| 583 | |a last modification |c 20120910 09:13:41 |k Rodrigo Vera | ||
| 650 | 0 | |a Música para niños |9 306652 | |
| 650 | 0 | |a Enseñanza de la música |2 CL-VaPUC |9 339802 | |
| 650 | 0 | |a Estudio y enseñanza |9 270395 | |
| 942 | |c BK |2 ddc | ||
| 945 | |d 20120503 00:00:00 |a dcastane | ||
| 952 | |0 0 |1 0 |2 ddc |4 0 |6 372_870000000000000_CON_2010 |7 0 |8 A |9 449153 |a BIBEDU |b BIBEDU |d 2019-11-22 |i 485912K |o 372.87 CON 2010 |p 485912K |r 2023-01-12 |w 2019-11-22 |y BK |k MUS | ||